JO 2024 Sports collectifs, pays qualifiés - Statistiques

Statistiques générales
  • Ce quiz a été pris 22 fois
  • Le résultat moyen est 36 sur 150
Statistiques - réponses
Hint Réponse % Correct
Basket (2 X 12 places) H Amérique Canada
91%
Basket (2 X 12 places) H Amérique Etats-Unis
86%
Basket (2 X 12 places) H Europe France
82%
Basket (2 X 12 places) H Europe Allemagne
77%
Basket (2 X 12 places) H Asie Japon
68%
Basket (2 X 12 places) H Océanie Australie
64%
Basket (2 X 12 places) H Europe Serbie
64%
Basket (2 X 12 places) F Europe Allemagne
50%
Basket (2 X 12 places) F Amérique Canada
45%
Basket (2 X 12 places) F Asie Chine
45%
Basket (2 X 12 places) F Amérique Etats-Unis
45%
Basket (2 X 12 places) F Asie Japon
45%
Basket (2 X 12 places) H Afrique Soudan-du-Sud
45%
Football (H 16 places et F 12 places) H Amérique Argentine
41%
Basket (2 X 12 places) F Océanie Australie
41%
Basket (2 X 12 places) F Europe France
41%
Basket 3 x 3 (2 x 8 places) H Europe France
41%
Basket 3 x 3 (2 x 8 places) F Europe France
41%
Football (H 16 places et F 12 places) H Afrique Maroc
41%
Basket 3 x 3 (2 x 8 places) H Asie Chine
36%
Basket 3 x 3 (2 x 8 places) F Asie Chine
36%
Football (H 16 places et F 12 places) H Afrique Egypte
36%
Basket 3 x 3 (2 x 8 places) H Amérique Etats-Unis
36%
Basket 3 x 3 (2 x 8 places) F Amérique Etats-Unis
36%
Football (H 16 places et F 12 places) H Amérique Etats-Unis
36%
Basket (2 X 12 places) F Europe Espagne
32%
Football (H 16 places et F 12 places) H Europe Espagne
32%
Football (H 16 places et F 12 places) H Europe France
32%
Football (H 16 places et F 12 places) H Afrique Mali
32%
Basket (2 X 12 places) F Afrique Nigeria
32%
Football (H 16 places et F 12 places) H Océanie Nouvelle-Zélande
32%
Basket (2 X 12 places) F Europe Serbie
32%
Football (H 16 places et F 12 places) F Europe Allemagne
27%
Handball (2 x 12 places) H Amérique Argentine
27%
Football (H 16 places et F 12 places) F Océanie Australie
27%
Football (H 16 places et F 12 places) F Amérique Brésil
27%
Football (H 16 places et F 12 places) F Amérique Canada
27%
Handball (2 x 12 places) H Afrique Egypte
27%
Football (H 16 places et F 12 places) F Europe Espagne
27%
Football (H 16 places et F 12 places) F Amérique Etats-Unis
27%
Football (H 16 places et F 12 places) F Europe France
27%
Hockey sur gazon (2 x 12 places) H Asie Inde
27%
Football (H 16 places et F 12 places) F Asie Japon
27%
Handball (2 x 12 places) H Asie Japon
27%
Football (H 16 places et F 12 places) F Océanie Nouvelle-Zélande
27%
Football (H 16 places et F 12 places) H Amérique Paraguay
27%
Basket (2 X 12 places) F Amérique Porto Rico
27%
Rugby à VII (2 x 12 places) F Afrique Afrique-du-Sud
23%
Handball (2 x 12 places) H Europe Allemagne
23%
Rugby à VII (2 x 12 places) H Amérique Argentine
23%
Hockey sur gazon (2 x 12 places) H Océanie Australie
23%
Rugby à VII (2 x 12 places) H Océanie Australie
23%
Rugby à VII (2 x 12 places) F Océanie Australie
23%
Basket (2 X 12 places) F Europe Belgique
23%
Football (H 16 places et F 12 places) F Amérique Colombie
23%
Handball (2 x 12 places) H Europe Danemark
23%
Handball (2 x 12 places) H Europe Espagne
23%
Rugby à VII (2 x 12 places) H Amérique Etats-Unis
23%
Rugby à VII (2 x 12 places) F Amérique Etats-Unis
23%
Rugby à VII (2 x 12 places) H Océanie Fidji
23%
Rugby à VII (2 x 12 places) F Océanie Fidji
23%
Handball (2 x 12 places) H Europe France
23%
Rugby à VII (2 x 12 places) H Europe France
23%
Rugby à VII (2 x 12 places) F Europe France
23%
Rugby à VII (2 x 12 places) H Asie Japon
23%
Rugby à VII (2 x 12 places) F Asie Japon
23%
Hockey sur gazon (2 x 12 places) H Océanie Nouvelle-Zélande
23%
Rugby à VII (2 x 12 places) H Océanie Nouvelle-Zélande
23%
Rugby à VII (2 x 12 places) F Océanie Nouvelle-Zélande
23%
Rugby à VII (2 x 12 places) H Océanie Samoa
23%
Hockey sur gazon (2 x 12 places) F Afrique Afrique-du-Sud
18%
Hockey sur gazon (2 x 12 places) H Europe Allemagne
18%
Handball (2 x 12 places) F Amérique Brésil
18%
Rugby à VII (2 x 12 places) F Amérique Brésil
18%
Volley-ball (2 x 12 places) H Amérique Brésil
18%
Rugby à VII (2 x 12 places) F Amérique Canada
18%
Volley-ball (2 x 12 places) H Amérique Canada
18%
Handball (2 x 12 places) H Europe Croatie
18%
Hockey sur gazon (2 x 12 places) H Europe Espagne
18%
Water polo (H 12 places - F 10 places) H Europe Espagne
18%
Volley-ball (2 x 12 places) H Amérique Etats-Unis
18%
Water polo (H 12 places - F 10 places) H Amérique Etats-Unis
18%
Hockey sur gazon (2 x 12 places) H Europe France
18%
Volley-ball (2 x 12 places) H Europe France
18%
Water polo (H 12 places - F 10 places) H Europe France
18%
Rugby à VII (2 x 12 places) H Europe Irlande
18%
Rugby à VII (2 x 12 places) F Europe Irlande
18%
Football (H 16 places et F 12 places) H Asie Israël
18%
Volley-ball (2 x 12 places) H Asie Japon
18%
Water polo (H 12 places - F 10 places) H Asie Japon
18%
Handball (2 x 12 places) H Europe Norvège
18%
Hockey sur gazon (2 x 12 places) H Europe Pays-Bas
18%
Handball (2 x 12 places) H Europe Suède
18%
Football (H 16 places et F 12 places) H Europe Ukraine
18%
Rugby à VII (2 x 12 places) H Amérique Uruguay
18%
Hockey sur gazon (2 x 12 places) H Afrique Afrique-du-Sud
14%
Hockey sur gazon (2 x 12 places) F Europe Allemagne
14%
Volley-ball (2 x 12 places) H Europe Allemagne
14%
Handball (2 x 12 places) F Afrique Angola
14%
Hockey sur gazon (2 x 12 places) H Amérique Argentine
14%
Hockey sur gazon (2 x 12 places) F Amérique Argentine
14%
Hockey sur gazon (2 x 12 places) F Océanie Australie
14%
Water polo (H 12 places - F 10 places) H Océanie Australie
14%
Water polo (H 12 places - F 10 places) F Océanie Australie
14%
Hockey sur gazon (2 x 12 places) H Europe Belgique
14%
Hockey sur gazon (2 x 12 places) F Europe Belgique
14%
Volley-ball (2 x 12 places) F Amérique Brésil
14%
Water polo (H 12 places - F 10 places) F Amérique Canada
14%
Hockey sur gazon (2 x 12 places) F Asie Chine
14%
Water polo (H 12 places - F 10 places) F Asie Chine
14%
Handball (2 x 12 places) F Asie Corée-du-Sud
14%
Water polo (H 12 places - F 10 places) H Europe Croatie
14%
Handball (2 x 12 places) F Europe Danemark
14%
Hockey sur gazon (2 x 12 places) F Europe Espagne
14%
Water polo (H 12 places - F 10 places) F Europe Espagne
14%
Hockey sur gazon (2 x 12 places) F Amérique Etats-Unis
14%
Volley-ball (2 x 12 places) F Amérique Etats-Unis
14%
Water polo (H 12 places - F 10 places) F Amérique Etats-Unis
14%
Handball (2 x 12 places) F Europe France
14%
Hockey sur gazon (2 x 12 places) F Europe France
14%
Volley-ball (2 x 12 places) F Europe France
14%
Water polo (H 12 places - F 10 places) F Europe France
14%
Water polo (H 12 places - F 10 places) H Europe Grèce
14%
Water polo (H 12 places - F 10 places) F Europe Grèce
14%
Water polo (H 12 places - F 10 places) H Europe Hongrie
14%
Water polo (H 12 places - F 10 places) F Europe Hongrie
14%
Water polo (H 12 places - F 10 places) H Europe Italie
14%
Water polo (H 12 places - F 10 places) F Europe Italie
14%
Hockey sur gazon (2 x 12 places) F Asie Japon
14%
Rugby à VII (2 x 12 places) H Afrique Kenya
14%
Handball (2 x 12 places) F Europe Norvège
14%
Hockey sur gazon (2 x 12 places) F Europe Pays-Bas
14%
Volley-ball (2 x 12 places) H Europe Pologne
14%
Volley-ball (2 x 12 places) F Europe Pologne
14%
Football (H 16 places et F 12 places) H Amérique République dominicaine
14%
Water polo (H 12 places - F 10 places) H Europe Serbie
14%
Handball (2 x 12 places) H Europe Hongrie
9%
Hockey sur gazon (2 x 12 places) H Europe Irlande
9%
Water polo (H 12 places - F 10 places) H Europe Monténégro
9%
Water polo (H 12 places - F 10 places) F Europe Pays-Bas
9%
Water polo (H 12 places - F 10 places) H Europe Roumanie
9%
Hockey sur gazon (2 x 12 places) H Europe Royaume-Uni
9%
Hockey sur gazon (2 x 12 places) F Europe Royaume-Uni
9%
Rugby à VII (2 x 12 places) F Europe Royaume-Uni
9%
Volley-ball (2 x 12 places) F Europe Serbie
9%
Handball (2 x 12 places) H Europe Slovénie
9%
Volley-ball (2 x 12 places) F Asie Turquie
9%
Rugby à VII (2 x 12 places) H Europe Monaco
5%
Rugby à VII (2 x 12 places) F Europe Monaco
5%
Volley-ball (2 x 12 places) F Amérique République dominicaine
5%
Aucun quiz correspondant
Distribution des résultats
% des personnes avec chaque résultat
Percentile par nombre de réponses
Votre historique - résultats
Vous n’avez pas pris ce quiz